[Event "Weihnachtsopen Masters"]
[Site "Zurich SUI"]
[Date "2006.12.26"]
[Round "1"]
[White "Pikula,D"]
[Black "Nemcova,Kat"]
[Result "0-1"]
[WhiteElo "2542"]
[BlackElo "2139"]

1.e4 c5 2.Nf3 Nc6 3.Bb5 e6 4.O-O Nge7 5.b3 a6 6.Bxc6 Nxc6 7.Bb2 d6 8.d4 cxd4
9.Nxd4 e5 10.Nxc6 bxc6 11.c4 Be6 12.Nc3 Be7 13.Qe2 O-O 14.Rfd1 Qc7 15.Rac1 Qb7
16.Rc2 Rad8 17.Rcd2 Rd7 18.Ba3 Rfd8 19.Na4 f6 20.Qe3 d5 21.Bxe7 d4 22.Qg3 Rxe7
23.f4 Bf7 24.f5 Qb4 25.Qd3 c5 26.Qc2 Rb8 27.Nb2 a5 28.Rd3 Be8 29.g4 a4 30.Rg3 Reb7
31.Rb1 Qa3 32.Nd1 axb3 33.Rgxb3 Rxb3 34.Rxb3 Rxb3 35.axb3 Bc6 36.Kf2 Kf7
37.Ke2 Ke7 38.Nf2 Kd6 39.Kf3 Ba4 40.Kg2 Qxb3 41.Qd2 Qc3 42.Qa2 Qc2 43.Qa3 Qxc4
44.g5 fxg5 45.Qg3 Bb5 46.h4 Qf1+ 47.Kh2 g4 48.Nxg4 Qf4 49.Qxf4 exf4 50.e5+ Ke7
51.Nf2 Bd7 52.e6 Bc6 53.Kh3 Bf3 54.Nd3 c4 55.Ne5 c3  0-1

[Event "15th Donau Open"]
[Site "Aschach an der Donau AUT"]
[Date "2006.12.27"]
[Round "2"]
[White "Wiesinger,R"]
[Black "Volkmann,F"]
[Result "0-1"]
[WhiteElo "2241"]
[BlackElo "2421"]

1.e4 c5 2.Nf3 Nc6 3.Bb5 e6 4.Bxc6 bxc6 5.O-O Qc7 6.b3 Ne7 7.Bb2 Ng6 8.Ng5 Qf4
9.Qh5 h6 10.Nh3 Qxe4 11.d3 Qh4 12.Qe2 Be7 13.f4 O-O 14.Bc3 f5 15.Kh1 d6 16.Nd2 Bd7
17.Nc4 Rf7 18.Rf3 Qh5 19.Qf1 Nh4 20.Rg3 Kh7 21.Bd2 Rg8 22.Qc1 g5 23.fxg5 e5
24.gxh6 Rxg3 25.hxg3 Nxg2 26.Kxg2 f4 27.Nxf4 exf4 28.Bxf4 Bh3+ 29.Kg1 Bf6
30.c3 Qf3 31.Qd2 Bxc3  0-1

[Event "27th Open A"]
[Site "Bethune FRA"]
[Date "2006.12.27"]
[Round "3"]
[White "Cappon,J"]
[Black "Lewis,Jo"]
[Result "1/2-1/2"]
[WhiteElo "2240"]
[BlackElo "2111"]

1.e4 c5 2.Nf3 Nc6 3.Bb5 d6 4.O-O Nf6 5.e5 dxe5 6.Nxe5 Qc7 7.d4 e6 8.Qf3 Bd7
9.Nxd7 Nxd7 10.d5 Nd4 11.Qd3 a6 12.Bxd7+ Qxd7 13.Nc3 Be7 14.dxe6 Nxe6 15.Nd5 Rd8
16.c4 O-O 17.Rd1 Kh8 18.Be3 Bf6 19.Rab1 Bd4 20.Bxd4 Nxd4 21.b4 Ne6 22.a3 Rfe8
23.Qf5 Nf8 24.Qf3 Qc6 25.Qxf7 cxb4 26.Ne7 Qe6 27.Qxe6 Nxe6 28.Nd5 bxa3 29.Rxb7 Nc5
30.Rbb1 h6 31.Rd2 Rb8 32.Rbd1 Rb2 33.Kf1  1/2-1/2

[Event "Czech Christmas"]
[Site "Litomysl CZE"]
[Date "2006.12.27"]
[Round "2"]
[White "Villwock,M"]
[Black "Krupa,M"]
[Result "0-1"]
[WhiteElo "2170"]
[BlackElo "2309"]

1.e4 c5 2.Nf3 Nc6 3.Bb5 e6 4.Bxc6 bxc6 5.d3 Qc7 6.O-O e5 7.Nh4 Ne7 8.f4 Ng6
9.Nxg6 hxg6 10.Qf3 d6 11.fxe5 dxe5 12.Nd2 Be6 13.Qg3 Be7 14.Nf3 Rh5 15.Ng5 Bxg5
16.Bxg5 c4 17.Be3 O-O-O 18.h3 cxd3 19.cxd3 Rxd3 20.Rfd1 Qd7 21.Qf3 Rh4 22.Rac1 Kb7
23.Rxd3 Qxd3 24.Qf2 Rxe4 25.Bxa7 Qa6 26.Be3 Bd5 27.Qd2 Qxa2 28.Rc5 Ra4 29.Kh2 Qb3
30.Rc3 Qb4 31.b3 Ra1 32.Qb2 Qe4 33.Rc4 Qb1 34.Rb4+ Kc8 35.Rb8+ Kd7 36.Rb7+ Kd6
37.Bc5+ Kxc5 38.Qc3+ Kd6 39.Qb4+ Ke6 40.Qe7+ Kf5 41.g4+ Kf4 42.Rb4+ Kf3  0-1

[Event "Masters"]
[Site "Singapore SIN"]
[Date "2006.12.27"]
[Round "3"]
[White "Megaranto,S"]
[Black "Su Yamin"]
[Result "1-0"]
[WhiteElo "2492"]
[BlackElo "2214"]

1.e4 c5 2.Nf3 Nc6 3.Bb5 g6 4.O-O Bg7 5.Bxc6 bxc6 6.d3 Nf6 7.Nc3 O-O 8.Be3 d6
9.h3 Rb8 10.Rb1 Qa5 11.Qd2 Be6 12.Bh6 Qc7 13.Bxg7 Kxg7 14.b3 h6 15.Nh2 Nd7
16.f4 f5 17.Rbe1 Nb6 18.Qe3 Rf7 19.Nf3 fxe4 20.dxe4 Rbf8 21.Nh4 Kh7 22.f5 gxf5
23.exf5 Bc8 24.Qd3 Kg8 25.Ng6 Rd8 26.Qe3 Kh7 27.Nxe7 d5 28.f6 d4 29.Qd3+ Kh8
30.Qg6 Rh7 31.f7  1-0

[Event "Masters"]
[Site "Singapore SIN"]
[Date "2006.12.27"]
[Round "4"]
[White "Goh Weiming"]
[Black "Gloria,E"]
[Result "1-0"]
[WhiteElo "2408"]
[BlackElo "2292"]

1.e4 c5 2.Nf3 Nc6 3.Bb5 e6 4.c3 Nge7 5.d4 d5 6.dxc5 Bd7 7.Nbd2 b6 8.cxb6 Qxb6
9.Be2 g6 10.exd5 exd5 11.Nb3 Bg7 12.Be3 Qc7 13.Qd2 O-O 14.O-O Rfe8 15.Nbd4 Ne5
16.Bf4 Nf5 17.Rfe1 Nd6 18.Nxe5 Bxe5 19.Bxe5 Rxe5 20.Bf1 Rh5 21.Qf4 Nb5 22.Qxc7 Nxc7
23.Re7 Rd8 24.Be2 Rh4 25.Nc6 Kf8 26.b4 Ne6 27.Rxe6  1-0

[Event "44th National A ch-IND"]
[Site "Atul IND"]
[Date "2006.12.28"]
[Round "12"]
[White "Himanshu,Sh"]
[Black "Sinha,Sud"]
[Result "1-0"]
[WhiteElo "2387"]
[BlackElo "2182"]

1.e4 c5 2.Nf3 Nc6 3.Bb5 g6 4.O-O Bg7 5.Nc3 Nf6 6.Re1 O-O 7.d3 d6 8.Bxc6 bxc6
9.h3 e5 10.Nd2 Nh5 11.Nf1 Qh4 12.Ne2 f5 13.exf5 Bxf5 14.Neg3 Nf4 15.Bxf4 Qxf4
16.Nxf5 Rxf5 17.Qd2 Qh4 18.Re4 Qe7 19.Ng3 Rf7 20.Ra4 d5 21.c3 Raf8 22.Rf1 Bf6
23.Qe2 Bg5 24.b3 Qd6 25.Nh1 Bd8 26.Rg4 Bc7 27.Rg3 Rf4 28.Re3 Qf6 29.c4 Rf7
30.Re1 Kg7 31.Qc2 Bd6 32.R1e2 Qd8 33.Ng3 Qg5 34.Nf1 h5 35.Qd2 Qd8 36.Nh2 Bc7
37.Nf3 d4 38.Re4 Rxf3 39.gxf3 Rxf3 40.Kg2 Qf6 41.Re1 Ba5 42.Qe2 Rf5 43.Rg1 Qg5+
44.Kh1 Qf6 45.f4 Bc7 46.Rf1 Bb8 47.Rg1 Rxf4 48.Qxh5 Rxe4 49.dxe4 Bc7 50.Qg4 Ba5
51.Qg2 Bc3 52.Rf1 Qd8 53.Qf3 Qe7 54.Qe2 Qd8 55.Rf3 Qh4 56.Kg2 Be1 57.Rd3 a5
58.Qf3 Kg8 59.Kf1 Bb4 60.Rd1 Kg7 61.Qg4 Qd8 62.Ke2 a4 63.bxa4 Kh6 64.Kd3 Qf6
65.Rg1 Kh7 66.h4 Kh8 67.Qg3 Kh7 68.Ke2 Qe6 69.Kd3 Qf6 70.Qg2 Ba5 71.h5 gxh5
72.Rf1 Qh6 73.Rf3 h4 74.Rf7+ Kh8 75.Qf2 Kg8 76.Ra7 Qg6 77.Ra8+ Kg7 78.Qf8+  1-0

[Event "44th National A ch-IND"]
[Site "Atul IND"]
[Date "2006.12.28"]
[Round "12"]
[White "Swathi,G"]
[Black "Abhishek,D"]
[Result "0-1"]
[WhiteElo "2385"]
[BlackElo "2307"]

1.e4 c5 2.Nf3 Nc6 3.Bb5 g6 4.Bxc6 dxc6 5.d3 Bg7 6.h3 Nf6 7.Nc3 O-O 8.Be3 b6
9.Qd2 e5 10.Bh6 Qd6 11.Nh2 b5 12.O-O Be6 13.Bxg7 Kxg7 14.f4 exf4 15.Rxf4 Nd7
16.Raf1 f6 17.Ne2 Ne5 18.b3 Rad8 19.Qc3 Rf7 20.Kh1 Bc8 21.R4f2 Be6 22.a3 b4
23.Qa1 a5 24.Ng1 a4 25.axb4 axb3 26.bxc5 Qxc5 27.Nhf3 Nxf3 28.Nxf3 Ra7 29.Qc1 Qc3
30.e5 b2 31.exf6+ Qxf6 32.Qe3 Ra1 33.Nd2 Rxf1+  0-1

[Event "Masters"]
[Site "Singapore SIN"]
[Date "2006.12.28"]
[Round "5"]
[White "Soon,W"]
[Black "Zinmar Min Than"]
[Result "1-0"]
[WhiteElo "2046"]
[BlackElo "2231"]

1.e4 c5 2.Nf3 Nc6 3.Bb5 d6 4.O-O Bd7 5.Re1 Nf6 6.c3 a6 7.Bf1 Bg4 8.h3 Bh5
9.d3 e6 10.Nbd2 Be7 11.a4 O-O 12.g4 Bg6 13.Qe2 Qc7 14.Bg2 b5 15.Nh4 Nd7 16.Nxg6 hxg6
17.f4 b4 18.Nf3 bxc3 19.bxc3 Rab8 20.Be3 Rb3 21.Qc2 Rfb8 22.Rab1 Qb6 23.Nd2 Rb2
24.Rxb2 Qxb2 25.Rc1 Na5 26.d4 c4 27.Bf1 d5 28.exd5 exd5 29.Bg2 Qa3 30.Bxd5 Rb2
31.Qxg6 Nf6 32.Qxf7+ Kh8 33.Bf3 Qa2 34.Qxe7 Rxd2 35.g5 Qb2 36.Bxd2 Qxd2 37.Rd1 Qxf4
38.gxf6 Qg3+ 39.Bg2  1-0

[Event "27th Open A"]
[Site "Bethune FRA"]
[Date "2006.12.29"]
[Round "8"]
[White "Degraeve,JM"]
[Black "Jossien,R"]
[Result "1-0"]
[WhiteElo "2551"]
[BlackElo "2263"]

1.e4 c5 2.Nf3 Nc6 3.Bb5 Qb6 4.Nc3 e6 5.O-O Nd4 6.Bc4 Ne7 7.Nxd4 cxd4 8.Ne2 d5
9.exd5 Qc5 10.d3 Nxd5 11.a3 Nb6 12.b4 Qd6 13.Bb3 g6 14.Bf4 e5 15.Bg3 Bg7
16.f4 O-O 17.fxe5 Bxe5 18.Nf4 Bd7 19.Qd2 Rae8 20.Rae1 Ba4 21.Ba2 Re7 22.Re2 Rc8
23.Nxg6 hxg6 24.Rxe5 Rxe5 25.Bxe5 Qf8 26.Qg5 Rc6 27.Qh4  1-0

[Event "Czech Christmas"]
[Site "Litomysl CZE"]
[Date "2006.12.30"]
[Round "6"]
[White "Vyskocil,N"]
[Black "Toma,K"]
[Result "1/2-1/2"]
[WhiteElo "2374"]
[BlackElo "2268"]

1.e4 c5 2.Nf3 Nc6 3.Bb5 g6 4.O-O Bg7 5.Re1 Nf6 6.e5 Nd5 7.Nc3 Nc7 8.Bxc6 dxc6
9.Ne4 b6 10.d3 O-O 11.h3 Ne6 12.a4 a5 13.Be3 Ra7 14.Qc1 Rd7 15.Bh6 Nd4 16.Nxd4 Rxd4
17.Bxg7 Kxg7 18.Ng5 h6 19.Nf3 Rd5 20.Qf4 Be6 21.Qe3 Qc7 22.Nd2 Rfd8 23.f4 b5
24.b3 Rd4 25.Nf3 R4d5 26.Nd2 Rd4 27.Nf3 R4d5 28.Nd2 Rd4  1/2-1/2

[Event "Czech Christmas"]
[Site "Litomysl CZE"]
[Date "2006.12.30"]
[Round "6"]
[White "Kraemer,Mart"]
[Black "Krupa,M"]
[Result "1-0"]
[WhiteElo "2435"]
[BlackElo "2309"]

1.e4 c5 2.Nf3 Nc6 3.Bb5 g6 4.Bxc6 dxc6 5.h3 Bg7 6.Nc3 Nf6 7.d3 Nd7 8.Be3 e5
9.Qd2 h6 10.O-O Qe7 11.Nh2 Nf8 12.f4 exf4 13.Bxf4 Ne6 14.Bg3 Nd4 15.Rae1 Be5
16.Nd5 Qd6 17.Bxe5 Qxe5 18.c3 Ne6 19.Ng4 Qg5 20.Qf2 cxd5 21.Qxf7+ Kd8 22.exd5 Nc7
23.d6 Nd5 24.Nf6 Bxh3 25.Re8+  1-0

[Event "Masters"]
[Site "Singapore SIN"]
[Date "2006.12.30"]
[Round "9"]
[White "Wang Li"]
[Black "Wu Xibin"]
[Result "0-1"]
[WhiteElo "2226"]
[BlackElo "2394"]

1.e4 c5 2.Nf3 Nc6 3.Bb5 g6 4.O-O Bg7 5.Re1 e5 6.Bxc6 dxc6 7.d3 Qe7 8.Bd2 Nf6
9.Bc3 Nd7 10.Nbd2 O-O 11.a4 b6 12.b3 Rd8 13.Qb1 Nf8 14.Qb2 f6 15.b4 cxb4
16.Bxb4 c5 17.Ba3 Be6 18.Qc3 Bf7 19.Nf1 Ne6 20.Ne3 Qd7 21.Bb2 Rab8 22.Nd2 Nd4
23.Nb1 f5 24.f3 f4 25.Nd1 g5 26.Nf2 h5 27.h3 Bf6 28.Qd2 Be6 29.Nc3 g4 30.Nd5 Bh4
31.Bxd4 cxd4 32.fxg4 hxg4 33.hxg4 Rbc8 34.Qe2 Qg7 35.Reb1 Bd7 36.Rb2 Rc5
37.a5 b5 38.Qf3 Rdc8 39.Raa2 R8c6 40.Qe2 Bg3 41.Ra1 Rh6 42.Rbb1 Qg5 43.Kf1 Rh2
44.Rc1 Kf7 45.c3 Qh4 46.Qf3 Bxf2 47.Qxf2 Rh1+  0-1

[Event "Czech Christmas"]
[Site "Litomysl CZE"]
[Date "2006.12.31"]
[Round "8"]
[White "Siembab,B"]
[Black "Manik,M"]
[Result "0-1"]
[WhiteElo "2190"]
[BlackElo "2454"]

1.e4 c5 2.Nf3 Nc6 3.Bb5 d6 4.O-O Bd7 5.Re1 Nf6 6.Bxc6 Bxc6 7.e5 dxe5 8.Nxe5 Qd5
9.Nxc6 Qxc6 10.d3 e6 11.Bf4 Be7 12.Nc3 O-O 13.Qe2 Rad8 14.Rad1 Rfe8 15.Bg5 h6
16.Bc1 Rd7 17.b3 Bd8 18.Bd2 Bc7 19.Ne4 Be5 20.Nxf6+ Bxf6 21.Qe4 Qa6 22.a4 Red8
23.Qg4 Kh8 24.Qf3 c4 25.bxc4 Qxa4 26.Rc1 Bb2 27.Rb1 Qxc2 28.Qd1 Qxd1 29.Rexd1 Bf6
30.Be3 a5 31.Bb6 Ra8 32.d4 a4 33.Rd3 a3 34.Ra1 a2 35.Bc5 Rc7 36.Ra3 Rxa3
37.Bxa3 Rxc4 38.Rxa2 Ra4  0-1

[Event "1st Open"]
[Site "Illes Medes ESP"]
[Date "2007.01.03"]
[Round "8"]
[White "Cornette,M"]
[Black "Oussama,O"]
[Result "1-0"]
[WhiteElo "2480"]
[BlackElo "2299"]

1.e4 c5 2.Nf3 Nc6 3.Bb5 e6 4.Bxc6 bxc6 5.d3 Ne7 6.Qe2 f6 7.Nh4 g6 8.f4 Bg7
9.e5 O-O 10.Nf3 Nf5 11.Be3 fxe5 12.fxe5 Nd4 13.Bxd4 cxd4 14.Nbd2 c5 15.h4 Rf5
16.g4 Rf4 17.h5 Bb7 18.hxg6 hxg6 19.O-O-O c4 20.dxc4 d6 21.Rh3 dxe5 22.Nxe5 Qg5
23.Nd3 Re4 24.Qh2 Re3 25.Rf1 Rxh3 26.Qxh3 Rf8 27.Rxf8+ Kxf8 28.Qg3 e5 29.Nc5 Bc8
30.Qf3+ Kg8 31.Qd5+ Kh7 32.Ne4 Qxg4 33.b4 Bf5 34.c5 Qe2 35.Kb2 Bh6 36.Nf6+ Kg7
37.Nde4 Bxe4 38.Nxe4 Bf4 39.c6 Qe1 40.Qc4 Bc1+ 41.Kb3 Qxe4 42.c7 Qf3+ 43.Ka4 Qa3+
44.Kb5 a6+ 45.Kb6  1-0

[Event "Petrovskaya Ladya Open"]
[Site "Peterhof RUS"]
[Date "2007.01.03"]
[Round "1"]
[White "Bulmaga,I"]
[Black "Potapova,M"]
[Result "1-0"]
[WhiteElo "2101"]
[BlackElo "1862"]

1.e4 c5 2.Nf3 Nc6 3.Bb5 e6 4.c3 Nf6 5.Qe2 a6 6.Ba4 b5 7.Bc2 Bb7 8.O-O Be7
9.a4 O-O 10.Re1 b4 11.d3 Rc8 12.h3 d5 13.e5 Nd7 14.Bf4 Na5 15.Nbd2 c4 16.d4 b3
17.Bb1 Bc6 18.Nh2 Re8 19.Qh5 g6 20.Qf3 Nb6 21.Bh6 Nxa4 22.Ng4 Nb7 23.Qf4 Ra8
24.Re3 Rf8 25.Bxf8 Qxf8 26.Rf3 Nd8 27.h4 Nxb2 28.h5 a5 29.Nf1 a4 30.hxg6 fxg6
31.Qd2 Qg7 32.Qxb2 a3 33.Qd2 Ba4 34.Nf6+ Bxf6 35.exf6 Qf8 36.Qg5 b2 37.Ra2 Bb3
38.Bxg6 Nf7 39.Qh5 h6 40.Bb1 Bxa2 41.Qg6+  1-0

[Event "Hilton Open"]
[Site "Basel SUI"]
[Date "2007.01.04"]
[Round "4"]
[White "Rausis,I"]
[Black "Filipovic,Br"]
[Result "1-0"]
[WhiteElo "2521"]
[BlackElo "2406"]

1.e4 c5 2.Nf3 Nc6 3.Bb5 g6 4.Bxc6 bxc6 5.O-O Bg7 6.c3 Nh6 7.d4 cxd4 8.cxd4 f6
9.Nc3 O-O 10.h3 d6 11.Re1 Nf7 12.Qc2 Bd7 13.Be3 Qa5 14.Rad1 Rab8 15.b3 Qh5
16.Ne2 Qb5 17.Rd3 Qb7 18.Rc3 Rfc8 19.Rc1 Bf8 20.Qd2 Ra8 21.R3c2 Bg7 22.Nc3 Be8
23.Qe2 Bd7 24.Bf4 g5 25.Bd2 g4 26.hxg4 Bxg4 27.Qe3 Bh6 28.Qd3 Bxd2 29.Nxd2 Kh8
30.Ne2 Bd7 31.Ng3 Rg8 32.Nf3 Rg4 33.Nf5 Bxf5 34.exf5 Rag8 35.g3 Nd8 36.Re2 Qd7
37.Rce1 R4g7 38.Nh4 d5 39.Qe3 Rf8 40.Qh6 Kg8 41.Qxg7+ Kxg7 42.Rxe7+ Rf7 43.Rxd7 Rxd7
44.Rc1 Rb7 45.Rc5 Rb6 46.Nf3 Nb7 47.Rc3 Nd6 48.g4 h5 49.gxh5 Nxf5 50.Rc2 a5
51.Kf1 a4 52.bxa4 Ra6 53.Rc3 Kh6 54.Ra3 Nd6 55.a5 Kxh5 56.Nd2 Nb5 57.Rh3+ Kg6
58.Nb3 Nd6 59.Ke2 Nc4 60.a4 Ra8 61.Rc3 Kf7 62.Kd3 Ke7 63.Kc2 Nxa5 64.Nxa5 Rxa5
65.Kb3 Kd6 66.Rf3 Ke6 67.Kb4 Ra7 68.a5 Rb7+ 69.Ka4 Ra7 70.Rb3 Kd6 71.Rb8 Kd7
72.Kb4 Kc7 73.Rf8 Rb7+ 74.Ka4 Rb2 75.Rxf6 Ra2+ 76.Kb4 Rb2+ 77.Ka3 Rb5 78.Rf7+ Kb8
79.Ka4 Rb1 80.f4 Rd1 81.Kb4 Rxd4+ 82.Kc5 Ra4 83.Kb6 Rb4+ 84.Kxc6 d4 85.Kc5  1-0

[Event "Petrovskaya Ladya Open"]
[Site "Peterhof RUS"]
[Date "2007.01.04"]
[Round "2"]
[White "Bulmaga,I"]
[Black "Utkin,Alex"]
[Result "1/2-1/2"]
[WhiteElo "2101"]
[BlackElo "2236"]

1.e4 c5 2.Nf3 Nc6 3.Bb5 g6 4.O-O Bg7 5.c3 Nf6 6.e5 Nd5 7.d4 cxd4 8.cxd4 O-O
9.Nc3 Nc7 10.Re1 Nxb5 11.Nxb5 a6 12.Nc3 d6 13.exd6 Qxd6 14.d5 Ne5 15.Bf4 Nxf3+
16.Qxf3 Qb4 17.d6 exd6 18.Nd5 Qxb2 19.Bxd6 Rd8 20.Bc7 Be6 21.Bxd8 Rxd8 22.Rad1 Bxd5
23.Rxd5 Rf8 24.Qb3 b5 25.Rd6 Qxb3 26.axb3 Ra8 27.Red1 Bf8 28.Rd8 Ra7 29.R1d7 Rxd7
30.Rxd7 a5 31.Ra7 a4 32.bxa4 bxa4 33.Rxa4 h5 34.Kf1 Bd6 35.h3 Kg7 36.Ke2 Be5
37.Ra6 Bf6 38.Ke3 Bg5+ 39.Ke4 Bf6 40.Kd5 Bc3 41.Rc6 Be1 42.f3 Bg3 43.Ke4 Bh4
44.f4 Bf6 45.f5 Bb2 46.Rb6 Bc3 47.Rc6 Bb2 48.Kf4 Bd4 49.Rc4 Bb2 50.Kg5 Bf6+
51.Kf4 Bb2 52.fxg6 fxg6 53.Rc7+ Kh6 54.g4 hxg4 55.hxg4 Bf6 56.Rc5 Bd4 57.g5+ Kg7
58.Rc7+ Kg8 59.Ke4 Ba1 60.Kd5 Bb2 61.Ke6 Bd4 62.Rc4 Bb2 63.Rc2 Bd4  1/2-1/2

[Event "Open"]
[Site "Verona ITA"]
[Date "2007.01.06"]
[Round "5"]
[White "Martorelli,A"]
[Black "Rombaldoni,Ax"]
[Result "0-1"]
[WhiteElo "2261"]
[BlackElo "2218"]

1.e4 c5 2.Nf3 Nc6 3.Bb5 g6 4.O-O Bg7 5.c3 d5 6.Qa4 Qd6 7.exd5 Qxd5 8.d4 cxd4
9.cxd4 Bd7 10.Nc3 Qf5 11.d5 Ne5 12.Nd4 Qf6 13.f4 Bxb5 14.Ncxb5 Nd7 15.Be3 Nb6
16.Nc7+ Kf8 17.Nde6+ fxe6 18.Bxb6 exd5 19.Nxa8 axb6 20.Rfd1 Nh6 21.Rac1 Qxb2
22.Nc7 b5 23.Qa8+ Kf7 24.Qxb7 Rd8 25.Nxd5 Nf5 26.Qc6 Rd6 27.Qc2 Bd4+ 28.Kh1 Qxc2
29.Rxc2 Rxd5 30.Rd3 h5 31.g3 e6 32.h3 Bb6  0-1

[Event "Australian Open"]
[Site "Tuggeranong AUS"]
[Date "2007.01.07"]
[Round "9"]
[White "Morris,Mi2"]
[Black "Johansen,D"]
[Result "0-1"]
[WhiteElo "1819"]
[BlackElo "2458"]

1.e4 c5 2.Nf3 Nc6 3.Bb5 Na5 4.c3 a6 5.Ba4 e6 6.d4 cxd4 7.cxd4 Nf6 8.e5 Nd5
9.O-O b5 10.Bc2 Bb7 11.Bg5 Be7 12.Bxe7 Qxe7 13.Nbd2 f5 14.exf6 Nxf6 15.Ng5 O-O
16.Nde4 Nxe4 17.Nxe4 Nc4 18.b3 Nb6 19.a4 b4 20.Nc5 Bc6 21.Bd3 a5 22.Qc2 h6
23.Rae1 Rac8 24.Bh7+ Kh8 25.Be4 Nd5 26.Bxd5 Bxd5 27.Qd2 Qf7 28.Re3 d6 29.Ne4 Rc6
30.Rf3 Qe7 31.Rxf8+ Qxf8 32.Qe3 Qc8 33.h3 Kg8 34.Re1 Qc7 35.Qd3 Rc1 36.Qe3 Rxe1+
37.Qxe1 Bxb3 38.Qa1 Qc6 39.Nd2 Bd5 40.g3  0-1

[Event "13th Festival A"]
[Site "Zupanja CRO"]
[Date "2007.01.08"]
[Round "8"]
[White "Fercec,N"]
[Black "Martinovic,Sa"]
[Result "1-0"]
[WhiteElo "2501"]
[BlackElo "2378"]

1.e4 c5 2.Nf3 Nc6 3.Bb5 e6 4.O-O Nge7 5.Re1 a6 6.Bf1 Ng6 7.c3 Be7 8.d4 cxd4
9.cxd4 d5 10.e5 O-O 11.Nc3 f5 12.exf6 Bxf6 13.Be3 Qc7 14.Rc1 Be7 15.Bd3 Nf4
16.Bb1 Bd6 17.Ng5 h6 18.Qc2 Rf5 19.Bxf4 Bxf4 20.Qxf5 hxg5 21.Qh7+ Kf8 22.Nxd5  1-0

[Event "Australian Open"]
[Site "Tuggeranong AUS"]
[Date "2007.01.09"]
[Round "11"]
[White "Morris,Mi2"]
[Black "Rogers,I"]
[Result "0-1"]
[WhiteElo "1819"]
[BlackElo "2526"]

1.e4 c5 2.Nf3 Nc6 3.Bb5 e6 4.O-O Nge7 5.Re1 a6 6.Bf1 d5 7.exd5 Nxd5 8.d4 Nf6
9.c3 cxd4 10.Nxd4 Nxd4 11.Qxd4 Qxd4 12.cxd4 Bd7 13.Nc3 Bc6 14.Bg5 O-O-O 15.Red1 Be7
16.Rac1 Nd5 17.Bxe7 Nxe7 18.b4 Kb8 19.a4 Bd5 20.Rd2 Rc8 21.b5 a5 22.Ne2 Rxc1
23.Nxc1 Rc8 24.Nd3 Rc4 25.Ne5 Rxa4 26.Nxf7 Ra1 27.Ne5 a4  0-1

[Event "zt 3.3"]
[Site "Phu Quoc VIE"]
[Date "2007.01.11"]
[Round "1"]
[White "Mariano,N1"]
[Black "Lo Kin Mun,D"]
[Result "1-0"]
[WhiteElo "2422"]
[BlackElo "2048"]

1.e4 c5 2.Nf3 Nc6 3.Bb5 g6 4.O-O Bg7 5.d3 a6 6.Bxc6 dxc6 7.h3 e5 8.Be3 Qe7
9.Nc3 Nf6 10.Qd2 Nd7 11.Nh2 O-O 12.f4 f6 13.fxe5 Qxe5 14.Rf2 b6 15.Raf1 Qe7
16.Ng4 Ne5 17.Nxe5 Qxe5 18.d4 Qe7 19.dxc5 Rd8 20.Qc1 b5 21.Rd1 Be6 22.Rfd2 f5
23.Rd6 Rdc8 24.Bd4 Bf8 25.Qf4 Rd8 26.Qe5 Rxd6 27.cxd6  1-0

[Event "zt 3.3"]
[Site "Phu Quoc VIE"]
[Date "2007.01.13"]
[Round "4"]
[White "Khandhar,K"]
[Black "Pham Duc Thang"]
[Result "0-1"]
[WhiteElo "1924"]
[BlackElo "2247"]

1.e4 c5 2.Nf3 Nc6 3.Bb5 g6 4.O-O Bg7 5.c3 Nf6 6.Re1 O-O 7.d4 Qb6 8.Bc4 d6
9.e5 dxe5 10.dxe5 Rd8 11.Qe2 Nd5 12.Na3 Bg4 13.h3 Bxf3 14.Qxf3 e6 15.Qg3 a6
16.f4 Rd7 17.Bf1 Na5 18.Nc2 Bf8 19.Qf2 c4 20.Qxb6 Nxb6 21.Ne3 Rc8 22.Kf2 Na4
23.Ng4 Kg7 24.Nf6 Rdd8 25.Ne4 b5 26.Be2 Nb7 27.Bd1 Nac5 28.Nxc5 Nxc5 29.Bc2 Nd3+
30.Bxd3 cxd3 31.Bd2 Be7 32.a3 a5 33.Rac1 h6 34.b4 Rc4 35.Rb1 axb4 36.axb4 g5
37.Kf3 gxf4 38.Re4 Rdc8 39.Ra1 Bg5 40.Ra7 Kg6 41.Rb7 Ra8 42.h4 Bxh4 43.Bxf4 Bg5
44.Bxg5 hxg5 45.Rd4 Rxd4 46.cxd4 Rd8 47.Ke3 Rxd4  0-1

[Event "TCh-FIN 2006-7"]
[Site "Turku FIN"]
[Date "2007.01.13"]
[Round "6"]
[White "Binham,T"]
[Black "Topi Hulmi,T"]
[Result "1-0"]
[WhiteElo "2319"]
[BlackElo "2291"]

1.e4 c5 2.Nf3 Nc6 3.Bb5 e6 4.O-O Nge7 5.c3 a6 6.Ba4 b5 7.Bc2 d5 8.a4 Bb7
9.Qe2 Qb6 10.axb5 axb5 11.Rxa8+ Bxa8 12.Na3 c4 13.d3 b4 14.cxb4 cxd3 15.Bxd3 Nxb4
16.Be3 Qb8 17.Bb5+ Bc6 18.Rc1 f6 19.Qd2 dxe4 20.Qxb4 Bxb5 21.Nxb5 Nd5 22.Qxe4  1-0

[Event "ch-CUB Open"]
[Site "Santa Clara CUB"]
[Date "2007.01.14"]
[Round "5"]
[White "Blanco,H"]
[Black "Espinosa,E"]
[Result "1/2-1/2"]
[WhiteElo "2413"]
[BlackElo "2363"]

1.e4 c5 2.Nf3 Nc6 3.Bb5 g6 4.Bxc6 bxc6 5.O-O Bg7 6.Re1 Nh6 7.h3 O-O 8.c3 f6
9.d4 cxd4 10.cxd4 Nf7 11.Nc3 d6 12.Be3 Bd7 13.Nd2 Rc8 14.Qe2 Qb6 15.Nc4 Qa6
16.Rac1 f5 17.f3 Rfe8 18.b3 Be6 19.Nd1 fxe4 20.fxe4 d5 21.Nd2 Qxe2 22.Rxe2 dxe4
23.Nxe4 Rcd8 24.Nef2 Bd5 25.Nc3 Nd6 26.g4 Bf3 27.Rd2 Nb5 28.Nxb5 cxb5 29.d5 Rd7
30.Rc5 a6 31.Nd3 Rxd5 32.Rxd5 Bxd5 33.Nb4 Bb7 34.Rd7 Bc8 35.Ra7 Kf7 36.Nxa6 Rd8
37.Nc7 Rd1+ 38.Kf2 Bd7 39.Ke2 Rh1 40.Nd5 Ke8 41.Ra8+ Kf7 42.Ra7 Ke6 43.Nf4+ Kd6
44.b4 Rh2+ 45.Kf1 Rh1+ 46.Kf2 Bf6 47.Bc5+ Ke5 48.Nd3+ Ke6 49.Nf4+ Ke5 50.Nd3+  1/2-1/2

[Event "5th Parsvnath Open"]
[Site "New Delhi IND"]
[Date "2007.01.18"]
[Round "6"]
[White "Palit,S"]
[Black "Himanshu,Sh"]
[Result "0-1"]
[WhiteElo "2336"]
[BlackElo "2428"]

1.e4 c5 2.Nf3 Nc6 3.Bb5 g6 4.O-O Bg7 5.Re1 e5 6.Bxc6 bxc6 7.d3 d6 8.Nbd2 Ne7
9.Nc4 O-O 10.h3 f5 11.exf5 gxf5 12.Bg5 h6 13.Bd2 Ng6 14.Nh2 f4 15.Qf3 d5
16.Qh5 Qf6 17.Na5 Qd6 18.Qe2 Kh7 19.Rab1 Rf7 20.b4 cxb4 21.Bxb4 c5 22.Bd2 Bf5
23.Rb5 e4 24.dxe4 dxe4 25.Reb1 Rd8 26.Be1 f3 27.Qc4 Ne5 28.Qxc5 Qg6 29.g3 Bxh3
30.Nb7 Rdd7 31.Bc3 Rc7 32.Bxe5 Rxc5 33.Rxc5 e3 34.Bxg7 Rxg7 35.Nxf3 exf2+
36.Kxf2 Qxg3+  0-1

[Event "ch-CUB Open"]
[Site "Santa Clara CUB"]
[Date "2007.01.18"]
[Round "9"]
[White "Gongora,M"]
[Black "Fernandez,Alex"]
[Result "0-1"]
[WhiteElo "2441"]
[BlackElo "2372"]

1.e4 c5 2.Nf3 Nc6 3.Bb5 d6 4.O-O Bd7 5.c3 a6 6.Ba4 Nf6 7.Re1 b5 8.Bc2 e5
9.h3 g6 10.d4 Qc7 11.a4 Rc8 12.axb5 axb5 13.dxc5 dxc5 14.Na3 Nd8 15.c4 b4
16.Nb5 Bxb5 17.cxb5 Nd7 18.Ra6 Rb8 19.Qd5 f6 20.Nd2 Nb6 21.Rxb6 Qxb6 22.Nc4 Qe6
23.b6 Qxd5 24.exd5 Nb7 25.Bf4 Kf7 26.Be3 Nd6 27.Na5 Rxb6 28.Bxc5 Rb5 29.Nb3 Nb7
30.Be3 Rxd5 31.Ra1 Rd7 32.Ra7 f5 33.Na5 f4 34.Bb6 Bc5 35.Rxb7 Rxb7 36.Bxc5 Rb5  0-1

[Event "Simul"]
[Site "Wolfsburg GER"]
[Date "2007.01.20"]
[Round "1"]
[White "Karpov,Ana"]
[Black "Bergmann,R"]
[Result "1-0"]
[WhiteElo "2668"]
[BlackElo "1965"]

1.e4 c5 2.Nf3 Nc6 3.Bb5 e6 4.Bxc6 dxc6 5.O-O Nf6 6.e5 Nd5 7.d3 Be7 8.Re1 O-O
9.Nbd2 b6 10.Ne4 Bb7 11.Qe2 a5 12.c4 Nc7 13.Ng3 Ne8 14.Bf4 a4 15.Rad1 Kh8
16.Qe3 Bc8 17.Bg5 Ra7 18.Bxe7 Qxe7 19.h4 Rd7 20.h5 Qd8 21.h6 g6 22.Ne4 f5
23.exf6 Nxf6 24.Neg5 Rd6 25.Ne5 Qe7 26.Ne4 Nxe4 27.dxe4 Ba6 28.Qg3 Rfd8 29.Rxd6 Rxd6
30.Nf7+  1-0

[Event "GM"]
[Site "Marianske Lazne CZE"]
[Date "2007.01.21"]
[Round "3"]
[White "Skytte,R"]
[Black "Zawadzka,J"]
[Result "1/2-1/2"]
[WhiteElo "2409"]
[BlackElo "2350"]

1.e4 c5 2.Nf3 Nc6 3.Bb5 g6 4.c3 Bg7 5.d4 cxd4 6.cxd4 Nf6 7.e5 Nd5 8.O-O O-O
9.Nc3 Nxc3 10.bxc3 d6 11.exd6 exd6 12.Bg5 Qc7 13.Re1 a6 14.Bd3 Be6 15.Bf4 Na5
16.Qd2 Rac8 17.Rac1 Bc4 18.Bb1 Bd5 19.Ng5 Qc6 20.f3 Nc4 21.Qf2 h6 22.Ne4 f5
23.Nd2 Rce8 24.Nxc4 Bxc4 25.h4 Rf6 26.Qd2  1/2-1/2

[Event "ch-Kyiv"]
[Site "Kyiv UKR"]
[Date "2007.01.22"]
[Round "3"]
[White "Marusenko,P"]
[Black "Karnaukh,A"]
[Result "1/2-1/2"]
[WhiteElo "2330"]
[BlackElo "2253"]

1.e4 c5 2.Nf3 Nc6 3.Bb5 a6 4.Bxc6 bxc6 5.O-O d6 6.c3 g6 7.d4 cxd4 8.cxd4 Bg7
9.Nc3 Bd7 10.Be3 Nf6 11.e5 Nd5 12.Nxd5 cxd5 13.exd6 exd6 14.Bf4 Qb6 15.Re1+ Kf8
16.Qb3 Qxb3 17.Bxd6+ Kg8 18.axb3 Bf6 19.Ne5 Be6 20.Rec1 Kg7 21.Rc7 Rhc8 22.Rac1 Rxc7
23.Rxc7 Rc8 24.Nf3 Rxc7 25.Bxc7 Bg4 26.Ne5 Bxe5 27.dxe5 f6 28.f3 Bd7 29.Kf2 fxe5
30.Bxe5+ Kf7 31.Ke3 Ke6 32.Kd4 Bb5 33.Bg7 h5 34.Ke3 Kf5 35.h3 Bf1 36.Kf2 Bb5
37.g4+ hxg4 38.fxg4+ Ke4 39.h4 Be8  1/2-1/2

[Event "ch-Kyiv"]
[Site "Kyiv UKR"]
[Date "2007.01.22"]
[Round "3"]
[White "Semenova,L"]
[Black "Bidkova,V"]
[Result "1-0"]
[WhiteElo "2270"]
[BlackElo "2017"]

1.e4 c5 2.Nf3 Nc6 3.Bb5 g6 4.O-O Bg7 5.Re1 e5 6.Nc3 Nge7 7.a3 O-O 8.Rb1 d6
9.b4 b6 10.Bc4 h6 11.Nd5 Be6 12.c3 Kh7 13.d3 Rb8 14.a4 cxb4 15.cxb4 a5 16.Ba3 Bg4
17.h3 Bxf3 18.Qxf3 Nxd5 19.Bxd5 Nxb4 20.Bxb4 axb4 21.Rxb4 h5 22.Reb1 Bh6
23.Qd1 Qc7 24.Qb3 Bd2 25.Rxb6 Rxb6 26.Qxb6 Qc2 27.Qb3 Qxb3 28.Rxb3 f6 29.Rb6 Rd8
30.Kf1 Bc3 31.Ke2 Rd7 32.f3 Kg7 33.Kd1 Ba5 34.Rb7 Rxb7 35.Bxb7 h4 36.Kc2 Kf7
37.Kb3 Ke6 38.Kc4 Kd7 39.Kd5 f5 40.Bc6+ Kc7 41.exf5 gxf5 42.f4 exf4 43.Be8 Bb4
44.Bg6 Kb6 45.Bxf5 Ka5 46.Bd7 Bc5 47.Ke4 Bb4 48.Kxf4 Be1 49.g4 hxg3 50.Kf3 Kb4
51.Kg2 Kc3 52.Bb5 Kd4 53.Kf3 Ke5 54.Bc6 Kf5 55.Ke2 Bc3 56.Bg2 Kf4 57.Bh1 Ba5
58.d4 Bb6 59.Kd3 Bd8 60.Bd5 Ba5 61.Bc6 Bb6 62.Bg2 Ba5 63.Kc4 Ke3 64.h4 Kf4
65.Kb5 Bc3 66.d5 Kg4 67.a5 Kxh4 68.a6 Bd4 69.Kc6  1-0